000 00431nam a2200181Ia 4500
001 21006
005 20260306172847.0
008 260306t2015||||xx |||||||||||||| ||spa||
041 _aESP
082 _a343.9
_bA41
100 _aAlfaro Limaya, Javier
_eAUT
245 0 _aManual de tributación municipal
260 _c2015
300 _a685 pƔginas :
_c24 cm.
650 _aGEN
654 _aCCO
942 _cLIB
_dJUS
_fJUS
_2ddc
_n
999 _c21006
_d21006